00896nam a22002537a 45000010005000000030006000050050017000110080041000280200018000690400029000870500009001160820010001251000038001352450053001732600046002263000057002724900024003295050007003535200178003605210027005385210018005656500030005836500029006139889FISKH20260312101413.0260312b cb ||||| |||| 00| 0 eng d a9780710509048 aFISKHbengcFISKHdFISKH aPZ7  a398.2 aAndersen, Hans Christian eAuthor aThe ugly duckling /cIllustrated by Jenny Press  aBridlington : bPeter Haddock Ltd ,c1996 a18 unnumbered pages : bcolor illustrations ;c16 cm aThe forever series  aJ  aA young duckling who looks different from the others is teased and rejected. After many hardships, he grows into a beautiful swan and finally finds acceptance and happiness.8 a450 bLexile estimate 8 aJ bRaz-Plus  aFairy tales vFolklore aAnimalsvSelf-acceptance